ბათუმის შოთა რუსთაველის სახელმწიფო უნივერსიტეტის ბიბლიოთეკა

რუსთველოლოგია : (ბიბ.ჩანაწერი № 56099)

000 -ლიდერი
ფიქსირებული სიგრძის საკონტროლო ველი 01013nam a2200253Ia 4500
001 - საკონტროლო ნომერი
საკონტროლო ველი 23200
003 - საკონტროლო ნომრის იდენტიფიკატორი
საკონტროლო ველი GE_BSU
005 - ბოლო ოპერაციის თარიღი და დრო
საკონტროლო ველი 20210224125059.0
008 - ფიქსირებული სიგრძის მონაცემთა ელემენტები - ზოგადი ინფორმაცია
ფიქსირებული სიგრძის საკონტროლო ველი 181216s2000||||ge |||||||||||||| ||geo||
020 ## - წიგნის საერთაშორისო სტანდარტული ნომერი
International Standard Book Number 9992881615
040 ## - კატალოგიზაციის წყარო
Transcribing agency GE_BSU
041 ## - ენის კოდი
Language code of text/sound track or separate title geo
080 ## - უნივერსალური ათობითი კლასიფიკაციის ინდექსი
Universal Decimal Classification number 821.353.1 ხ-56
100 ## - მთავარი ჩანაწერი - პიროვნების სახელი
Personal name ხინთიბიძე, ელგუჯა
9 (RLIN) 5947
245 ## - ცნობა სათაურის შესახებ
Title რუსთველოლოგია :
Remainder of title სალექციო კურსის თეზისები და ლიტერატურა /
Statement of responsibility, etc ელგუჯა ხინთიბიძე.
264 ## - წარმოების, გამოცემის, დისტრიბუციის და სხვა ცნობები
გამოცემის, წარმოების, დისტრიბუციის... ადგილი თბილისი,
გამოცემის, წარმოების, დისტრიბუციის... თარიღი 2000.
300 ## - ფიზიკური აღწერა
Extent 48 გვ. ;
Other physical details 20 სმ.
504 ## - BIBLIOGRAPHY, ETC. NOTE
Bibliography, etc ბიბლიოგრ. თავებს ბოლოს.
653 ## - INDEX TERM--UNCONTROLLED
Uncontrolled term რუსთველოლოგია
653 ## - INDEX TERM--UNCONTROLLED
Uncontrolled term რუსთაველი შოთა და მისი "ვეფხისტყაოსანი"
653 ## - INDEX TERM--UNCONTROLLED
Uncontrolled term რუსთველოლოგები
942 ## - ADDED ENTRY ELEMENTS (KOHA)
Koha item type წიგნი
Source of classification or shelving scheme
ეგზემპლარები
ჩამოწერის სტატუსი დაკარგული ეგზემპლარის სტატუსი კლასიფიკაციის წყარო ან თაროზე გაწყობის სქემა დაზიანების სტატუსი არ გაიცემა მუდმივი მდებარეობა (დაცვის ადგილი) ამჟამინდელი ადგილსამყოფელი თაროზე განთავსების ადგილი შეძენის თარიღი სრული შენახვის შიფრი შტრიხკოდი ბოლო ოპერაციის თარიღი ეგზემპლარის მიმდევრობითი ნომერი (კეტერი?) ფასის ძალაში შესვლის თარიღი ეგზემპლარის სახეობა საჯარო შენიშვნა
          ბათუმის შოთა რუსთაველის სახელმწიფო უნივერსიტეტის მთავარი ბიბლიოთეკა ბათუმის შოთა რუსთაველის სახელმწიფო უნივერსიტეტის მთავარი ბიბლიოთეკა წიგნსაცავი 2018-12-17 821.353.1 ხ-56 58625 2018-12-17 58625 2018-12-17 წიგნი 3 ლ.